Agregácia rizík pomocou kopula funkcií v jazyku R diplomová práca

Enregistré dans:
Détails bibliographiques
Auteur principal: Kmentová, Katarína
Collectivité auteur: Fakulta hospodárskej informatiky EU. Katedra matematiky a aktuárstva
Autres auteurs: Mucha, Vladimír, 1976-
Format: Livre
Langue:slovaque
Publié: Bratislava 2022
Tags: Ajouter un tag
Pas de tags, Soyez le premier à ajouter un tag!

MARC

LEADER 00000nbm a2200000 4500
001 0284386
005 20221215101841.3
041 0 |a slo 
044 |a SK 
245 1 0 |a Agregácia rizík pomocou kopula funkcií v jazyku R  |b diplomová práca  |c Katarína Kmentová ; školiteľ: Vladimír Mucha 
264 1 |a Bratislava  |c 2022 
300 |a 90 s. 
100 1 |a Kmentová, Katarína 
700 1 |a Mucha, Vladimír, 1976- 
710 2 |a Fakulta hospodárskej informatiky EU. Katedra matematiky a aktuárstva